実在した市町村か、架空かPart.2 - Statistics

General Stats
  • This quiz has been taken 8 times
  • The average score is 12 of 25
Answers on the Grid
Answers color-coded by a green-red scale on the quiz's grid according to % correct below.
巷可村
金砂郷町
古馬牧村
権現堂川村
屈巣村
薬薫村
嚶鳴村
由茶屋町
前大門村
紫雲寺町
比楯蔵村
中野小屋村
釶打村
稗造村
皓月塚村
右左口町
喬磨町
傍陽村
注連町
図桐丸町
長久保新町
天衝原町
五郎兵衛新田村
芒野杜町
雨宮県村
鈴羽蘭村
杭瀬下村
読書村
南武芸村
朝比奈村
育襷塚村
賎機村
志段味村
比自岐村
雲林院村
老蘇村
餘桜町
胡麻郷村
中六人部村
憧星町
 
Answer Stats
Answer % Correct
右左口町
75%
紫雲寺町
63%
稗造村
63%
五郎兵衛新田村
63%
雨宮県村
63%
朝比奈村
63%
中六人部村
63%
金砂郷町
50%
古馬牧村
50%
権現堂川村
50%
傍陽村
50%
長久保新町
50%
杭瀬下村
50%
読書村
50%
賎機村
50%
志段味村
50%
比自岐村
50%
中野小屋村
38%
南武芸村
38%
雲林院村
38%
屈巣村
25%
嚶鳴村
25%
釶打村
25%
老蘇村
25%
胡麻郷村
25%
No matching quizzes found
Score Distribution
Percent of People with Each Score
Percentile by Number Answered
Your Score History
You have not taken this quiz